Responses for Show #4112 - Tuesday, June 18, 2002

Contestants

[<< previous game]

Erin McGrew Herndon, an actor and musician from Rockwall, Texas

John West, an attorney from Seattle, Washington

Jim Baer, a project coordinator from Mount Laurel, New Jersey (whose 1-day cash winnings total $9,799)

[next game >>]

Jeopardy! Round responses

THE 1960s
BASKETBALL RULES
"M" MARKS THE SPOT
FASHIONABLE FEMALES
MILITARY PROMOTIONS
FOOD CROSSWORD CLUES
    $200 6
Bob Dylan

Jim
    $200 1
2

Jim
    $200 7
(John: What is Argentina?)

Mexico

JimJohn
    $200 12
Suzanne Somers

Jim
    $200 26
general

Jim
    $200 14
sushi

John
    $400 15
Khrushchev

Jim
    $400 2
traveling

Jim
    $400 8
Mekong

Jim
    $400 13
(John: Who is Sandy Dennis?)

Joan Rivers

JimJohn
    $400 27
private

Erin
    $400 16
Tabasco

John
    $600 23
(Jim: What is 1969?)

1967

JimErin
    $600 3
double dribble

Jim
    $600 9
Montreal

Triple Stumper
    $600 20
Josephine

Erin
    $600 28
second lieutenant

Triple Stumper
    $600 17
cordon bleu

Jim
    $800 24
Boston Strangler

John
    $800 4
jump ball

John
    $1,000 10
Marathon

Jim
    $800 21
Greece

Triple Stumper
    $800 29
staff

Jim
    $800 18
paella

Jim
    $1000 25
Fuller

John
    $1000 5
goaltending

John
    $1000 11
Maracaibo

Erin
    $1000 22
Jil Sander

John
    $1000 30
(Erin: What is a corporal?)

commander

Erin
Triple Stumper
    $1000 19
curry

Jim

Scores at the first commercial break (after clue 15):

Jim John Erin
$4,000 $1,400 $1,000

Scores at the end of the Jeopardy! Round:

Jim John Erin
$6,800 $4,600 $1,600

Double Jeopardy! Round responses

GOVERNORS
COMPUTER TERMS
MULTIPLE MEANINGS
JEREMIAH WAS A PROPHET
THAT SHOULD BE BULLFROG
WAS A GOOD FRIEND OF MINE
(Alex: Each correct response will be a TV character.)
    $400 22
Arkansas

Erin
    $400 14
PC

Jim
    $400 1
down

John
    $400 6
leopard

Erin
    $400 21
bats

Jim
    $400 9
Lucy

Jim
    $800 23
Ironman

John
    $800 15
gigabyte

Jim
    $800 2
scale

Jim
    $800 7
stocks

Erin
    $800 27
webbed

Erin
    $800 10
(John: Who is Fonzie?)

Potsie

JimJohn
    $1200 24
Alaska

John
    $1200 16
Internet service provider

Erin
    $1200 3
case

John
    $1200 8
Sodom & Gomorrah

Jim
    $1200 28
tadpoles

Erin
    $1200 11
Tony Nelson

Triple Stumper
    $3,000 25
(Mario) Cuomo

John
    $1600 17
router

Triple Stumper
    $1600 4
guy

John
    $1600 19
Jerusalem

Erin
    $1600 29
goliath

Erin
    $1600 12
(Erin: Who is Bob? Bob Newhart?)

Bob Hartley

Erin
Triple Stumper
    $2000 26
(Chuck) Robb

John
    $2000 18
JPEG

Erin
    $2000 5
dam

Erin
    $3,000 20
Babylon

Erin
    $2000 30
tympanic

John
    $2000 13
B.J. Hunnicutt

Triple Stumper

Scores at the end of the Double Jeopardy! Round:

Jim John Erin
$11,600 $16,000 $15,000

[wagering suggestions for these scores]

Final Jeopardy! Round responses

19th CENTURY LITERARY CHARACTERS
JimWho is the Count of Monte Cristo?
$5,401
ErinWho is Professor Moriarty?
$14,000
JohnWho was K
$1,414
Professor Moriarty

Final scores:

Jim John Erin
$6,199 $14,586 $29,000
3rd place: $1,000 2nd place: $2,000 New champion: $29,000

Game dynamics:

Coryat scores:

Jim John Erin
$11,400 $14,600 $14,000
22 R
(including 1 DD),
1 W
15 R
(including 1 DD),
3 W
15 R
(including 1 DD),
2 W

Combined Coryat: $40,000

[game clues] [game scores] [suggest correction]

Game tape date: 2002-02-20
The J! Archive is created by fans, for fans. Scraping, republication, monetization, and malicious use prohibited; this site may use cookies and collect identifying information. See terms. The Jeopardy! game show and all elements thereof, including but not limited to copyright and trademark thereto, are the property of Jeopardy Productions, Inc. and are protected under law. This website is not affiliated with, sponsored by, or operated by Jeopardy Productions, Inc. Join the discussion at JBoard.tv.